Les vainqueurs de la coupe du monde - Statistiques

Statistiques générales
  • Ce quiz a été pris 54 fois
  • Le résultat moyen est 15 sur 22
Statistiques - réponses
Question Réponse % Correct
Brésil 2014 Allemagne
100%
Qatar 2022 Argentine
100%
Japon/ Corée du Sud 2002 Brésil
100%
Chili 1962 Brésil
100%
Afrique du Sud 2010 Espagne
100%
Russie 2018 France
100%
France 1998 France
100%
Allemagne 2006 Italie
100%
Italie 1934 Italie
100%
Uruguay 1930 Uruguay
100%
Suisse 1954 Allemagne de l'Ouest
50%
Angleterre 1966 Angleterre
50%
Mexique 1986 Argentine
50%
Argentine 1978 Argentine
50%
Etats-Unis 1994 Brésil
50%
Suède 1958 Brésil
50%
Espagne 1982 Italie
50%
France 1938 Italie
50%
Brésil 1950 Uruguay
50%
Italie 1990 Allemagne de l'Ouest
0%
Allemagne de l'Ouest 1974 Allemagne de l'Ouest
0%
Mexique 1970 Brésil
0%
Aucun quiz correspondant
Distribution des résultats
% des personnes avec chaque résultat
Percentile par nombre de réponses
Votre historique - résultats
Vous n’avez pas pris ce quiz